Understanding Business Study Guide

Salvato in:
Dettagli Bibliografici
Autore principale: Nickels, William G.
Natura: Libro
Lingua:inglese
Pubblicazione: St. Louis Times Mirror/Mosby College Pub. 1987
Edizione:1. ed.
Tags: Aggiungi Tag
Nessun Tag, puoi essere il primo ad aggiungerne!!

MARC

LEADER 00000nam a2200000 4500
001 c041505
005 20221219120801.3
041 0 |a eng 
044 |a US 
245 1 0 |a Understanding Business  |b Study Guide  |c William G. Nickels 
250 |a 1. ed. 
264 1 |a St. Louis  |b Times Mirror/Mosby College Pub.  |c 1987 
300 |a 437 s. 
100 1 |a Nickels, William G.